| 000 | 00483cam a2200181ua 4500 | ||
|---|---|---|---|
| 001 | 661 | ||
| 008 | 110412n ii |||gr||||Z||||||eng | ||
| 040 | _cMAIN | ||
| 082 | _a342.02 | ||
| 245 | 1 |
_a World constitutions : _bFull view at a glance / _cby S L Kaeley |
|
| 250 | _a10th. | ||
| 260 |
_aNew Delhi: _bSudha publications,974. |
||
| 300 |
_aviii, 588p.: _c25cm. |
||
| 653 | _aPolitical science | ||
| 653 | _aWorld constitutions | ||
| 700 |
_aKaeley, S.L., _eAuthor. |
||
| 942 | _cBK | ||
| 999 |
_c590 _d590 |
||